000 00363nam a22001457a 4500
020 _a81-7199-283-8
082 _a824
_bBAT/C
100 _aBATRA, SHAKTI
245 _aCHOICEST ESSAYS
260 _aDELHI
_bBRIGHT GROUP OF PUBLICATIONS
300 _a304
520 _aFOR ALL ACADEMIC AND COMPETITIVE EXAMINATIONS
650 _aENGLISH ESSAYS
_zINDIA
942 _cBK
999 _c6960
_d6960